| 000 -LEADER |
| fixed length control field |
01121pab a2200157 454500 |
| 008 - FIXED-LENGTH DATA ELEMENTS--GENERAL INFORMATION |
| fixed length control field |
180718b2005 xxu||||| |||| 00| 0 eng d |
| 100 ## - MAIN ENTRY--PERSONAL NAME |
| Personal name |
Singh, Samir Kumar |
| 245 ## - TITLE STATEMENT |
| Title |
An analysis of anti-dumping cases in India |
| 260 ## - PUBLICATION, DISTRIBUTION, ETC. |
| Date of publication, distribution, etc. |
2005 |
| 300 ## - PHYSICAL DESCRIPTION |
| Extent |
p.1069-074. |
| 362 ## - DATES OF PUBLICATION AND/OR SEQUENTIAL DESIGNATION |
| Dates of publication and/or sequential designation |
12 Mar |
| 520 ## - SUMMARY, ETC. |
| Summary, etc. |
This paper investigates the impact of anti-dumping policy in India. Contrary to official claims, the analysis finds that the policy has a substantial impact on the quantity and unit value of the investigated products. Furthermore, it examines possible motives behind initiation of anti-dumping investigations and concludes that non-economic factors are prime determinants of investigation. The policy seems to be failing its objective and deserves reconsideration. Finally, this paper suggests a broadening of the horizon of the anti-dumping law, controlling the misuse of its ambiguities to provide undesirable protection to domestic industries and modifying the law to serve the larger interests of the economy. - Reproduced. |
| 650 ## - SUBJECT ADDED ENTRY--TOPICAL TERM |
| Topical term or geographic name entry element |
International trade |
| 773 ## - HOST ITEM ENTRY |
| Main entry heading |
Economic and Political Weekly |
| 909 ## - |
| -- |
64531 |